Βόρεια Αμερική - Κουίζ Χάρτη - Statistics

General Stats
  • This quiz has been taken 101 times
  • The average score is 13 of 23
Answers on the Map
Answers color-coded by a green-red scale on the quiz's map according to % correct below.
 
Answer Stats
Answer % Correct
Ηνωμένες
Πολιτείες
97%
Καναδάς
94%
Μεξικό
87%
Παναμάς
74%
Ελ Σαλβαδόρ
68%
Μπαχάμες
68%
Δομινικανή
Δημοκρατία
68%
Νικαράγουα
65%
Κούβα
65%
Γουατεμάλα
61%
Μπελίζ
61%
Αϊτή
61%
Ονδούρα
58%
Κόστα Ρίκα
58%
Τζαμάικα
55%
Τρινιντάντ και
Τομπάγκο
52%
Μπαρμπάντος
35%
Αγία Λουκία
32%
Αντίγκουα και
Μπαρμπούντα
29%
Γρενάδα
26%
Ντομίνικα
23%
Άγιος Χριστόφορος
και Νέβις
23%
Άγιος Βικέντιος
και Γρεναδίνες
23%
No matching quizzes found
Score Distribution
Percent of People with Each Score
Percentile by Number Answered
Your Score History
You have not taken this quiz